Digital Principles And Applications (Record no. 320114)

MARC details
000 -LEADER
fixed length control field 00443nam a2200169Ia 4500
008 - FIXED-LENGTH DATA ELEMENTS--GENERAL INFORMATION
fixed length control field 230718s9999 xx 000 0 und d
041 ## - LANGUAGE CODE
Language code of text/sound track or separate title eng
082 ## - DEWEY DECIMAL CLASSIFICATION NUMBER
Classification number 621.3815'3
Item number LEA
100 ## - MAIN ENTRY--PERSONAL NAME
Personal name Leach D.
245 ## - TITLE STATEMENT
Title Digital Principles And Applications
250 ## - EDITION STATEMENT
Edition statement 6th ed.
260 ## - PUBLICATION, DISTRIBUTION, ETC. (IMPRINT)
Date of publication, distribution, etc. 2009
Name of publisher, distributor, etc. Tata Mc-Graw Hill
300 ## - PHYSICAL DESCRIPTION
Extent 683
365 ## - TRADE PRICE
Currency code Rs.
Price amount 300.00
700 ## - ADDED ENTRY--PERSONAL NAME
Personal name Leach D.; Malvino A. & Saha G.
906 ## - LOCAL DATA ELEMENT F, LDF (RLIN)
d B:723021-Jan-2009
c ETC
b 990
Holdings
Withdrawn status Lost status Damaged status Not for loan Home library Current library Date acquired Vendor Budget Code Cost, normal purchase price Bill number Total Checkouts Full call number Barcode Date last seen Discount Cost, replacement price Bill Date Koha item type Original Barcode
        Cummins College of Engineering for Women Pune Cummins College of Engineering for Women Pune 28/01/2009 Book Land ETC 234.00 7230   621.3815'3 CCEP-BK-31321 18/07/2023 990 300.00 21/01/2009 Books 031321